| 000 | 00518nam a22001937a 4500 | ||
|---|---|---|---|
| 003 | KOHA_MİRAKIL | ||
| 005 | 20251221133425.0 | ||
| 008 | 251221b tu ||||| |||| 00| 0 tur d | ||
| 020 | _a9789752976047 | ||
| 040 |
_aTR-AnABB _btur _cTR-AnABB |
||
| 041 | _atur | ||
| 082 |
_a636.8 _bFOG 2014 |
||
| 100 | 1 | _aFogle, Bruce, | |
| 245 | 1 | 0 |
_aKedi sahibinin el kitabı / _cBruce Fogle |
| 260 |
_aİstanbul : _bAlfa Yayınları, _c2014 |
||
| 300 |
_a288 sayfa ; _c22 cm |
||
| 650 | 0 | 4 | _aKediler |
| 942 |
_2ddc _cBK |
||
| 999 |
_c9832 _d9832 |
||
| 900 | _bGizem YORULMAZ | ||